| 000 -LEADER |
| fixed length control field |
00664cam a2200241 a 4500 |
| 001 - CONTROL NUMBER |
| control field |
3314231 |
| 005 - DATE AND TIME OF LATEST TRANSACTION |
| control field |
20180131072234.0 |
| 008 - FIXED-LENGTH DATA ELEMENTS--GENERAL INFORMATION |
| fixed length control field |
840702s1985 enk b 001 0 eng |
| 010 ## - LIBRARY OF CONGRESS CONTROL NUMBER |
| LC control number |
84014436 |
| 020 ## - INTERNATIONAL STANDARD BOOK NUMBER |
| International Standard Book Number |
0120644606 (alk. paper) |
| 040 ## - CATALOGING SOURCE |
| Original cataloging agency |
DLC |
| Transcribing agency |
DLC |
| Modifying agency |
DLC |
| 041 1# - LANGUAGE CODE |
| Language code of text/sound track or separate title |
engfre |
| 080 ## - UNIVERSAL DECIMAL CLASSIFICATION NUMBER |
| Universal Decimal Classification number |
001.642 ARS |
| 082 00 - DEWEY DECIMAL CLASSIFICATION NUMBER |
| Classification number |
001.642 ARS |
| Edition number |
19 |
| 100 1# - Rafti |
| Rafti |
28 |
| 101 ## - Shkurtesa |
| Shkurtesa |
SHK |
| 240 10 - UNIFORM TITLE |
| Uniform title |
<a href="Bases de la programmation.">Bases de la programmation.</a> |
| Language of a work |
English |
| 245 10 - TITLE STATEMENT |
| Title |
Foundations of programming / |
| Statement of responsibility, etc |
Jacques Arsac ; translated by Fraser Duncan. |
| 504 ## - BIBLIOGRAPHY, ETC. NOTE |
| Bibliography, etc |
Bibliography: p. 261-262. |
| 906 ## - LOCAL DATA ELEMENT F, LDF (RLIN) |
| a |
7 |
| b |
cbc |
| c |
orignew |
| d |
1 |
| e |
ocip |
| f |
19 |
| g |
y-gencatlg |
| 942 ## - ADDED ENTRY ELEMENTS (KOHA) |
| Source of classification or shelving scheme |
|
| Item type |
Books |